|
|
|
|
| LEADER |
00000nam a2200000 a 4500 |
| 001 |
vtls001454460 |
| 003 |
SK-MaSNL |
| 005 |
20260301163142.0 |
| 008 |
240318s2000 xo g 0000yyeng |
| 015 |
|
|
|a SNBA2003/06-01803
|
| 020 |
|
|
|a 8088814189
|
| 035 |
|
|
|a SNK000409767
|
| 040 |
|
|
|a SNK
|b slo
|c SNK
|e AACR2
|
| 044 |
|
|
|a xo
|c SK
|
| 072 |
|
7 |
|a 81
|x Lingvistika. Jazyky
|2 konspekt
|
| 080 |
|
|
|a 811.111
|2 1981
|
| 080 |
|
|
|a 811.162.4
|2 1981
|
| 080 |
|
|
|a (038)
|2 1981
|
| 100 |
1 |
|
|a Piťová, Mária
|4 aut
|9 296805
|
| 245 |
1 |
0 |
|a Anglicko-slovenský a slovensko-anglický slovník
|c Mária Piťová
|
| 250 |
|
|
|a [1. vyd.]
|
| 260 |
|
|
|a Bratislava
|b Kniha-Spoločník
|c 2000
|
| 300 |
|
|
|a 864 s.
|c 16 cm
|
| 650 |
0 |
7 |
|a angličtina
|2 SNKPH
|
| 650 |
0 |
7 |
|a slovenčina
|2 SNKPH
|9 1350
|
| 655 |
|
7 |
|a slovníky
|2 SNKPH
|9 70413
|
| 919 |
|
|
|a 80-88814-18-9
|
| 999 |
|
|
|c 815921
|d 817851
|
| 952 |
|
|
|t P60, <03>, [BOOK], {603}
|a SNK
|b SNK
|y PREZ
|7 0
|p 17A0385468
|o snkSD 72979
|i snkKSP 6823/2003
|0 0
|1 0
|4 0
|d 2003-06-02
|l 0
|r 2025-11-20 00:00:00
|w 2026-02-24
|